| 000 | 00980cam a2200289 i 4500 | ||
|---|---|---|---|
| 999 |
_c28828 _d28828 |
||
| 001 | 28828 | ||
| 003 | Mx-PuUPA | ||
| 005 | 20220302080742.0 | ||
| 008 | 140415s2014 mx gr 001 0 spa d | ||
| 020 | _a9786071720245 | ||
| 040 |
_aMx-PuUPA _bspa _cMx-PuUPA _dMx-PuUPA _erda |
||
| 041 | 0 | _aspa | |
| 100 | 1 |
_aReyes García, Carmelo, _99783 _eautor |
|
| 245 | 1 | 0 |
_aViktor Frankl : _blibertad y responsabilidad / _cCarmelo Reyes García |
| 250 |
_aPrimera edición / _bagosto |
||
| 264 | 4 |
_aMéxico, D.F. : _bEditorial Trillas, _c©2014 |
|
| 300 |
_a94 páginas ; _c23 cm |
||
| 336 |
_atexto _2rdacontent _btxt |
||
| 337 |
_asin medio _2rdamedia _bn |
||
| 338 |
_avolumen _2rdacarrier _bnc |
||
| 600 | 1 | 4 | _aFrankl, Víctor E. (Victor Emil), 1905 - 1997 |
| 650 | 4 | _aAntropología filosófica | |
| 942 |
_2ddc _cLI _h128.3 _iR456 |
||